1843 1261 1752 1459 1844 1132 1938 1734 1698 1164 1320 1084 1758 1836 1595 1958 1784 1679 1456 1239 1156 1144 1532 1559 1400 1239 1535 1998 1534 1376 1864 1567 1553 1184 1383 1309 1795 1632 1331 1557 1914 1450 1120 1742 1280 1784 1452 1792 1595 1013 1399 1517 1775 1521 1340 1837 1875 1703 1734 1649 1563 1157 1783 1018 1925 1356 1354 1517 1022 1235 1116 1617 1358 1987 1765 1105 1068 1342 1211 1229 1394 1460 1459 1878 1016 1845 1184 1123 1782 1634 1746 1875 1001 1665 1579 1349 1479 1721 1788 BCNSPRNW ULIB Ver.6.0+V

เปลี่ยนเป็นภาษาไทย

Change to English
 แสดงรายละเอียดบรรณานุกรม
  กลับหน้าหลัก

Brief Record : Get Marc (ISO 2709) : E-mail record : QR code < ปิดหน้าต่าง
LEADER : 00000nam 2200000uu 4500
001    13399124771
003     ULIB
008    020711s2014 th a 000 0 eng d
020    9781451195293
060    WY100^bN34L
100    Janet Weber
245    Lab Manual for health assessment in Nursing./^cJanet Weber,Jane Kelley,Ann D. Sprengel
250    5thth ed
260    Philadelphia :^bWolters Kluwer Health/Lippincott Williams & Wilkins,^c2014
300    298 pages;^b27.5 cm
650     laboratory^xassessment
650    assessment^xNursing
700    Jane Kelley
700    Ann D. Sprengel
945    ^p0^l0^i23282
รายการนี้ยังไม่มีแท็ก
คุณยังไม่ได้ล็อกอิน คุณสามารถมีกิจกรรมร่วมกับเว็บไซต์ได้ แต่ต้องล็อกอินก่อน ::
  ล็อกอิน

รายการสื่อสารสนเทศ

ลำดับที่ ประเภท เลขเรียก/บาร์โค้ด สถานที่ สถานะ
1. Book การพยาบาล
Book การพยาบาล
WY100 N34L ฉ.1 
  Barcode: 23282
ห้องสมุดวิทยาเขตนครสวรรค์
►หนังสือทั่วไป:l:General Books
บนชั้น

รายการใกล้เคียง
    ผู้แต่ง [Janet Weber]

BibComment


ยังไม่เคยถูกคอมเมนท์

คอมเมนท์ทรัพยากรรายการนี้
  คอมเมนท์: Lab Manual for he..


 Copyright 2026. Bcnsprnw @Library